00372cam a22001217a 4500008004000000082001700040100003000057245005800087260003200145300001000177650003100187650003200218180718b1944 xxu||||| |||| 00| 0 eng d aB19x54 B223w aBanerji, Albion Raj Kumar aWhat is wrong with Indiacby Albion Raj Kumar Banerji aAllahabadbKitabistanc1944 a238p. aIndia - Social Conditions. aIndia - Economic Conditions